LIBRARY & INFORMATION CENTRE, KCAET, TAVANUR

ONLINE PUBLIC ACCESS CATALOGUE (OPAC)

Fuzzy Logic / (Record no. 12380)

MARC details
000 -LEADER
fixed length control field 00394cam a2200157ua 4500
020 ## - INTERNATIONAL STANDARD BOOK NUMBER
ISBN 9788178089065
041 ## - LANGUAGE CODE
Language code of text/sound track or separate title eng
082 ## - DEWEY DECIMAL CLASSIFICATION NUMBER
Classification number 511.322
Item number YEN/FU
100 ## - MAIN ENTRY--AUTHOR NAME
Personal name John Yen, Rezalangari .
245 ## - TITLE STATEMENT
Title Fuzzy Logic /
260 ## - PUBLICATION, DISTRIBUTION, ETC. (IMPRINT)
Place of publication :
Name of publisher Pearson Education Asia ,
Year of publication 2003.
300 ## - PHYSICAL DESCRIPTION
Number of Pages 548 ; .
942 ## - ADDED ENTRY ELEMENTS (KOHA)
Koha item type Books
Holdings
Withdrawn status Lost status Damaged status Home library Current library Date acquired Full call number Accession Number Koha item type
      KAUAET KAUAET 07/04/2012 511.322 20949 Books
free website counter